00335cam a22000977a 4500008003600000082000900036245008200045260004900127300000900176700005200185180718b xxu||||| |||| 00| 0 eng d aWx54 aLife- lines of the nationcby Ministry of Information and Broadcasting, India abMinistry of Information and Broadcastingc a19p. aIndia. Ministry of Information and Broadcasting